000 00986nam a2200277 a 4500
001 BRCA_8122
005 20190320210136.0
008 100414s1964----mx-a###f##---#001-0#spa-#
041 _aspa
044 _amx
050 4 _aAG26
_b.D545
_c1964
100 1 _aMassa de Gil, Beatriz
_920217
245 1 0 _aDiccionario técnico de biblioteconomía = technical dictionary of librarianship
_bespañol - inglés
_cBeatriz Massa de Gil ; Ray Trautman y Peter Goy, coautores.
260 _aMéxico
_bTrillas
_c1964
300 _a387 p.
_bil.
_c24 cm.
500 _aY191
500 _aVer también 3031 (ed. 1969) y 3017 (ed. en italiano)
500 _aDedicatoria de la autora al señor Franz Mayer
546 _aTexto en español e inglés
650 1 4 _aDiccionarios
_vEspecializados
_zMéxico
_919824
650 1 4 _aBiblioteconomía
_vLibros de consulta
_zMéxico
_920218
700 1 _aTrautman, Ray
_ecoaut.
_920219
700 1 _aGoy, Peter
_ecoaut.
_920220
902 _aGFM
942 _2lcc
_cB
999 _c7790
_d7790